| 000 | 00406pab a2200145 454500 | ||
|---|---|---|---|
| 008 | 180718b xxu||||| |||| 00| 0 eng d | ||
| 100 | _aAnsolabehere, Stephen | ||
| 245 | _aThe vanishing marginals and electoral responsiveness | ||
| 650 | _a Votting | ||
| 650 | _aElections - U.S.A. | ||
| 700 | _aFiorina, Morris | ||
| 700 | _aBrady, David | ||
| 773 | _aBritish Journal of Political Science | ||
| 909 | _a22115 | ||
| 999 |
_c22115 _d22115 |
||